000 00707cam a2200241 4500
001 J2130
008 090401t1994 xxu||||| |||| 00| 0 eng d
035 _a(Sirsi) u47360
041 _aeng
050 _a333.33025
245 _aTuckers` directory of the Surveyors 500: the guide to UK Chartered Surveyors. - 1994 edition.
260 _aManchester
_bTuckers Directories
_c1994
300 _a375,(12)p. ; 21cm.
350 _a19.97
650 _aABOUT RICS-RICS MEMBERS
650 _aDIRECTORIES
650 _aSURVEYORS 500
650 _aTUCKERS DIRECTORY
690 _aMANAGEMENT-BUSINESS MANAGEMENT-PROFESSIONAL PRACTICE
700 _aEbdon, Janet
_xEditor
942 _n0
948 _c04/03/1997
999 _c92109
_d92109